| 000 | 00452cam a2200193ua 4500 | ||
|---|---|---|---|
| 020 | _c3.00 | ||
| 041 |
_ahin _h |
||
| 082 |
_a891.54 _bSUM/GA |
||
| 100 | _aSumitrananda, Pant. | ||
| 245 |
_aGadi ke phool / _cSumitranandan pant. _hTextual Documents |
||
| 250 |
_a2 / _b. |
||
| 260 |
_a : _bRajpal and Sanch , _c1962. |
||
| 300 | _a171 ; . | ||
| 365 | _a3.00 | ||
| 504 | _a | ||
| 700 | 1 | _aBachan, . | |
| 942 | _cBK | ||
| 999 |
_c8443 _d8443 |
||